|
|
|
|
| LEADER |
01403nam a2200385Ia 4500 |
| 001 |
EBC453289 |
| 003 |
MiAaPQ |
| 005 |
20200520144314.0 |
| 006 |
m o d | |
| 007 |
cr cn||||||||| |
| 008 |
080213s2008 enkab sb 000 0 eng d |
| 020 |
|
|
|z 9780762314850 (hbk.) :
|
| 020 |
|
|
|z 0762314850 (hbk.) :
|
| 035 |
|
|
|a (MiAaPQ)EBC453289
|
| 035 |
|
|
|a (Au-PeEL)EBL453289
|
| 035 |
|
|
|a (CaPaEBR)ebr10310646
|
| 035 |
|
|
|a (CaONFJC)MIL368250
|
| 035 |
|
|
|a (OCoLC)609843583
|
| 040 |
|
|
|a MiAaPQ
|c MiAaPQ
|d MiAaPQ
|
| 050 |
|
4 |
|a GN449.8
|b .D56 2008
|
| 082 |
0 |
4 |
|a 306.3
|2 22
|
| 245 |
0 |
0 |
|a Dimensions of ritual economy
|h [electronic resource] /
|c edited by E. Christian Wells, Patricia A. McAnany.
|
| 260 |
|
|
|a Bingley :
|b JAI,
|c 2008.
|
| 300 |
|
|
|a viii, 277 p. :
|b ill., maps.
|
| 490 |
1 |
|
|a Research in economic anthropology ;
|v v. 27
|
| 504 |
|
|
|a Includes bibliographical references.
|
| 533 |
|
|
|a Electronic reproduction. Ann Arbor, MI : ProQuest, 2015. Available via World Wide Web. Access may be limited to ProQuest affiliated libraries.
|
| 650 |
|
0 |
|a Economic anthropology.
|
| 650 |
|
0 |
|a Ritual.
|
| 655 |
|
4 |
|a Electronic books.
|
| 700 |
1 |
|
|a Wells, E. Christian.
|
| 700 |
1 |
|
|a McAnany, Patricia Ann.
|
| 710 |
2 |
|
|a ProQuest (Firm)
|
| 830 |
|
0 |
|a Research in economic anthropology ;
|v v. 27.
|
| 856 |
4 |
0 |
|u https://ebookcentral.proquest.com/lib/matrademy/detail.action?docID=453289
|z Click to View
|